Представление документа в формате MARC21

Поле Инд. ПП Название Значение
Тип записи a
Библиографический уровень m
001 Контрольный номер 60e9830d-d074-427d-8ede-0ef745c56ae6
005 Дата корректировки 20140703171712.9
008 Кодируемые данные 081209
020 a ISBN 978-5-7695-4041-7
c Цена, тираж 207.90
040 a Служба первич. каталог. НБ ТвГУ
041 a Код языка текста rus
080 a Индекс УДК 544.77(075.8)
084 a Индекс другой классификации/Индекс ББК Г6я73-1
090 x Авторский знак С89
a Полочн. индекс Г6
100 1_ a Автор Сумм Борис Давидович
245 10 a Заглавие Основы коллоидной химии
b Продолж. заглавия учебное пособие для студентов, обучающихся по специальности 020101.65 (011000) "Химия" и направлению 020100.62 (510500) "Химия"
c Ответственность Б. Д. Сумм
250 a Основные сведения об издании 2-е изд., стер.
260 0_ a Место издания Москва
c Дата издания 2007
b Издательство Academia
300 a Объем 238, [1] с.
b Иллюстрации/ тип воспроизводства ил., табл.
440 a Серия Высшее профессиональное образование
a Серия Естественные науки
504 a Библиография Библиогр.: с. 237.
583 a Действие Получение впервые 305 05.12.2008
k Исполнитель действия ООО "Издательский центр "Академия"
650 a Основная рубрика Химия
650 a Основная рубрика Коллоидная химия
x Основная подрубрика Учебники для вузов
653 a Ключевые слова Коллоидная химия
a Ключевые слова Химия
852 t Порядковый номер экземпляра 2
p Инвентарный номер 924250
p Инвентарный номер 924251
863 t 00186868
863 t 00186869
888 a За счет средств университета
910 a гриф есть**
930 a Новая/Ретро учебники
952 p 305.2008 207.90 1 924250
p 305.2008 207.90 1 924251
c Вид литературы К ру
954 a Дата поступления на обработку 20081210
999 a Подразделение 2 Фил3